000 00444nam a2200157 i 4500
001 99478
003 ES-MaACL
005 20230906182514.0
007 t|
008 050912s1978 sp ||||1| spa d
100 1 _aMartín Serrano, Manuel.
_977663
245 1 0 _aMétodos actuales de investigación social /
_cManuel Martín Serrano.
260 _aMadrid :
_bAkal,
_c1978.
300 _a438 p. ;
_c22 cm.
852 _aES-MaACL
_jA-9728
_bR.98708
999 _c99478
_d99478